Расписание доходов за 1887 год

Доступно только в Электронных читальных залах Найти на картеНа карте
RUSMARC
00003447nmc2a22002413x 450
001c981071f-793c-4171-aad1-34f704c869af
00520230426063735.0
100##$a20221108l18871887k l0rusy0189 ca
1010#$arus
102##$aRU
105##$ay###
1222#$ad
2001#$aРасписание доходов за 1887 год
$j1887 г.
215##$a176 л.
$d36,5х26 см
251##$cДело
300##$a[литер А]
371##$aДокумент не является опубликованным и широко распространяемым
461#0$1001a74412a3-3cc5-4d21-8f0a-dfe2fbd9e72d
$12001
$aДепартамент народного просвещения Министерства народного просвещения (1803-1917)
$1251
$cФонд
$1852
$j733
462#0$100168ef73bb-909a-4bc7-ae4f-3def6f15d095
$12001
$aСчетный разряд. Сметный стол
$1251
$cОпись
$1852
$j214
801#0$aRU
$bРГИА
$c20221108
$gRCR
801#1$aRU
$bГлавНИВЦ
$c20221108
$2rusmarc
801#2$aRU
$bПБ им. Б.Н. Ельцина
$c20230426
$gRCR
$2rusmarc
850##$aРГИА
852##$aРГИА
$eФедеральное казенное учреждение "Российский государственный исторический архив" (РГИА)
$j129
937##$hРГИА
$d12394047
$aASBIBLIO_SCAN
035##$aRusGRCC00055876
856##$uhttp://readingroom.main.prlib.ru/item.aspx?id_node=n184890149&mode=full
Формат отображения